000
00226nam a22000857a 4500
008
160629b xxu||||| |||| 00| 0 eng d
100
_9
1379
_a
Sood, R
245
_a
Introductory Information Technology - IX
260
_a
N.D
_b
Arya
_c
2005
999
_c
1139
_d
1139